Podział administracyjny Norwegii - Statystyki

Ogólne statystyki
  • Ten quiz został rozwiązany 260 razy
  • Średni wynik to 6 z 17
Statystyki odpowiedzi
Obrazkowy Odpowiedź % Poprawnych
Oslo
84%
Svalbard
75%
Nordland
46%
Troms
46%
Finnmark
42%
Jan Mayen
36%
Vestland
36%
Agder
29%
Innlandet
28%
Rogaland
28%
Telemark
28%
Trondelag
26%
Vestfold
22%
More og Romsdal
17%
Buskerud
13%
Ostfold
13%
Akershus
12%
Nie znaleziono quizów pasujących do podanych kryteriów
Rozkład punktacji
Procent ludzi z każdym wynikiem
Percentyl według liczby udzielonych odpowiedzi
Twoja historia wyników
Nie rozwiązałeś tego quizu